[Event "Douglas PokerStars op"]
[Site "Douglas"]
[Date "2014.10.12"]
[Round "9"]
[White "Marin, Mihail"]
[Black "Ferguson, Mark"]
[Result "1-0"]
[WhiteElo "2583"]
[BlackElo "2414"]
[Annotator "Marin,M"]
[PlyCount "77"]
[EventDate "2014.10.04"]
[EventType "swiss"]
[EventRounds "9"]
[EventCountry "IOM"]
[SourceTitle "CBM 163"]
[Source "ChessBase"]
[SourceDate "2014.11.11"]
[SourceVersion "1"]
[SourceVersionDate "2014.11.11"]
[SourceQuality "1"]

1. Nf3 {Following my crisis with 1.c4, possibly caused by the psychological
blowback of my intense work on my English trilogy, I have spent a few years
starting almost exclusively with 1.d4. Without any special preparation (a
chess writer does not have too much time for it!) on the Isle of Man I felt
inspired by 1.Nf3 all my games. In this game, played in the last round, I felt
in a couple of moments that I had made interesting over the board choices. You
may imagine my surprise when I later discovered that I had annotated a few
games with the whole line!! I do not like to admit that memory has failed me;
on the contrary I would advocate the idea that it moved on to a deeper and
more subtle level.} d5 2. c4 c6 3. g3 Bg4 4. Bg2 e6 5. O-O Nd7 {I imagine that
by playing this move Black intends to retain the possibility of developing
with either ...Bd6 and ...Ne7 or, if White plays d2-d4, with ...f7-f5, in the
spirit of an accelerated Stonewall, with the bishop outside the pawn chain
already. But from my point of view this move order has a significant drawback.}
({I consider} 5... Nf6 {to be the critical continuation, when} 6. cxd5 {
can be met with} Bxf3 7. Bxf3 cxd5 8. Nc3 Nc6 {True, White can retain a
sytmbolic advantage, but it is not clear whether it is enough.} 9. d4 $5 {
This is the modern trend} ({In my book I analysed} 9. d3 {, based on the ideas
of an old game by one of the greatest specialists of the Reti opening ever:}
Be7 10. Bg2 O-O 11. a3 Rc8 12. Bd2 {Larsen,B-Ivkov,B Bled 1965 (1-0, 60)}) 9...
Be7 10. e3 {1/2-1/2 (72) Kramnik,V (2810)-Aronian,L (2809) London 2013 CBM 154
[Stohl,I]}) 6. cxd5 exd5 ({The main problem is that now} 6... Bxf3 $2 {loses a
pawn. In the only game in which Black fell into this trap, Varga,M (2232)
-Blagojevic,T (2004) Prague 2012 (1/2-1/2, 42), White did not take advantage
of it!} 7. dxe6 $1 Bxg2 8. exd7+ Qxd7 9. Kxg2 $16) ({Against} 6... cxd5 {
I planned} 7. Qb3 {My line followed something like} Nc5 ({Of course I did not
remember that I had commented on the following game:} 7... Qb6 8. Qxb6 Nxb6 9.
Nc3 a6 10. d3 Nf6 11. Ne5 Bh5 12. Be3 Nbd7 13. Nxd7 Nxd7 14. f4 $14 {Radjabov,
T (2784)-Aronian,L (2825) Moscow 2012 CBM 149 [Marin,M] (1/2-1/2, 45)}) 8. Qb5+
Qd7 9. Nc3 a6 10. Qxd7+ Nxd7 11. d3 Ngf6 12. Bf4 Bc5 13. Rfc1 {Later I found
the game Matlakov,M (2689)-Movsesian,S (2672) Dubai 2014 (1-0, 51) with this
sequence.}) 7. d3 Ngf6 8. Nc3 Bd6 {For some reason, I thought I had never seen
this positon before! But I felt that the bishop does not stand well on d6 and
was confident I could take advantage of it.} ({The main lines in my books were
} 8... Bc5 9. Qb3) ({and} 8... Be7 9. h3 Bh5 10. e4) 9. h3 Bxf3 ({If} 9... Bh5
10. e4 {Black's problem is that the exchange on e4 would leave the bishop
hanging. Otherwise, White is having a pleasant game:} O-O 11. exd5 cxd5 12. g4
Bg6 13. Nh4 Nc5 14. Nxg6 hxg6 15. d4 Ne6 16. Be3 Nf4 17. Qb3 Rb8 18. Rad1 b5
19. Bxf4 Bxf4 20. Rfe1 Rb6 21. Nxd5 Nxd5 22. Qxd5 Qxd5 23. Bxd5 Rd8 24. Bb3 $14
{(1/2-1/2, 43)Radjabov,T (2744)-Ivanchuk,V (2768) Ningbo 2011}) 10. Bxf3 d4 11.
Ne4 Nxe4 (11... Be5 12. Qb3 Qb6 13. Nd2 Qxb3 {Hansen,T (2473)-Bellon Lopez,J 
(2382) Stockholm 2014 (1-0, 42)} 14. Nxb3 O-O 15. a4 $5 $36 {[%cal Ga4a5]} a5
$6 16. Bd2 $16 {[%csl Ga5,Gc6,Gd4]}) 12. dxe4 {I vaguely remembered that I had
annotated a game by Nakamura with this kind of structure, but was sure the
position was slightly different.} Bc5 13. b3 $5 $146 ({After the game, my
opponent asked me whether this was a prepared novelty with respect to the
following game annotated by myself!!} 13. b4 Bb6 14. Bb2 Ne5 15. Bg2 Nc4 16.
Bc1 {Wang,H (2747)-Nakamura,H (2772) Elancourt 2013 CBM 157 [Marin,M] (1/2-1/2,
37). I only remembered that in principle it was not a good idea to weaken the
c4-square so soon, but, as mentioned above, did not suspect I had just
deviated from the previous game.}) 13... O-O ({During the game I thought} 13...
Nf8 {to be better, but after the knight has moved away from the c4-square
White can consider} 14. b4 $1 (14. Bb2 Ne6 {XPd4}) 14... Bb6 (14... Bxb4 15.
Rb1 {XPb7}) (14... Be7 15. Rb1 Ne6 16. Qd3 $14) 15. a4 a5 (15... a6 16. a5 Ba7
17. Bb2 Ne6 18. Qd3 $14) 16. bxa5 Rxa5 17. Bd2 Ra7 18. a5 $5 (18. Qb3 $14)
18... Bxa5 19. Qa4 Bb6 20. Qb4 $36 {[%csl Rb7,Re8][%cal Gb4f8,Gb4b7] XKe8}) 14.
Bb2 $14 {The bishop pair, the mobile kingside majority and the relative
weakness of the d4-pawn ensure White at least the more pleasant game.} Ne5 {
With the c4-square well defended, this move only exposes the knight. It is
also true that there was no simple way of defending the central pawn.} (14...
Qb6 {would give up one of Black's main ideas in the Slav setups, namely
setting up a battery along the a3-f8 diagonal.} 15. a3 a5 16. Bg2 Rad8 17. Kh2
$14) 15. Bg2 Re8 16. Qc2 ({During the game I thought that the main choice was
between my move and} 16. Rc1 $5 {/\Rc2-d2}) ({But later I discovered that} 16.
f4 $5 {was quite promising, too:} d3+ (16... Ng6 17. Qd3 $14) 17. Kh2 dxe2 18.
Qxe2 $16 Qd3 $2 19. Qh5 $1 $18 {XBc5, Ne5 This is a move I missed.} Nd7 20.
Rad1) 16... Qe7 17. Rad1 Rad8 18. Kh2 Bb6 19. f4 Ng6 20. Qc4 Qc5 ({During the
game I was slightly worried by} 20... Qe6 {, but as indicated by my opponent}
21. Qa4 $1 {[%cal Gf4f5] was quite good for White.} Qe7 22. Rd3 $14) (20... c5
{weakens the light squares and risks transforming the b6-bishop into a tall
pawn.} 21. e3 dxe3 22. Qc3 ({This may be even better than my planned} 22. Bc1
$14) 22... Qf8 23. Qxe3 c4 24. Qc3 cxb3 25. Qxb3 $16 {/\e5}) 21. Qxc5 Bxc5 22.
Rd3 Bb6 23. b4 Nf8 {Black has to hurry about securing the d4-pawn.} 24. a4 a6 (
24... Ne6 25. a5 Bc7 26. e5 a6 27. h4 $16) 25. a5 Ba7 26. Rfd1 Ne6 27. f5 {
When I played this move I foresaw the game continuation until move 36. But
there was a detail I missed.} ({I was briefly tempted by} 27. h4 {but saw no
reasons for refraining from my plan. Here is a possible continuation:} f6 28.
Bf3 g6 29. f5 Nc7 30. Bxd4 Bxd4 31. Rxd4 Rxd4 32. Rxd4 Re7 33. g4 Nb5 34. Rd8+
Kf7 35. g5 $16) 27... Ng5 $6 ({Despite my initial thoughts,} 27... Nf8 {
seems to be playable.} 28. Bf3 $5 {[%csl Ge2] Xe2} ({I counted on winning a
pawn with} 28. e3 {but missed the following resource:} dxe3 $1 29. Rxd8 e2 $1
30. Bc3 exd1=Q 31. Rxd1 Bb8 $14 {Xe5}) 28... h6 (28... f6 29. e3 $18) 29. h4 (
29. e3 Nh7 $1 {/\...Ng5, /\...Nf6, XPe4}) 29... Nh7 30. Bxd4 Bxd4 31. Rxd4 Rxd4
32. Rxd4 Kf8 33. g4 {/\Kg3-f4, e4-e5} g5 34. fxg6 fxg6 35. Rd6 Kf7 36. Kg3 $16)
28. Bxd4 Bxd4 29. Rxd4 Rxd4 30. Rxd4 {[%csl Rg5][%cal Gh3h4] /\h4, XNg5} f6 31.
Rd7 Rb8 (31... Re5 32. Rxb7 Rb5 33. Rb6 $1 $18) 32. e5 $1 $18 fxe5 33. h4 Nf7
34. Bh3 {[%cal Gf5f6,Gh3e6] /\f6. In this moment an amusing incident took
place. I was happy with my play so far and went out for a cigarette (to tell
the truth, this was the first game ever during which I smoked!) When returning
to the board, I saw the initial position, the clock switched off and the
scoresheets and the opponent missing. So, he must have been impressed by my
play and did not consider it necessary to test my technique anymore. True, I
was intrigued by the king's arrangement as if the game had ended in a draw and
immediately corrected it. But the next step was to sign the scoresheets and
get my carbon copy, so I went to the tournament press officer, the charming
WIM Fiona Steil-Antoni, asking for help. She found my opponent and told him
about the problem. Noticing Mark's astonishment, I immediately realized I had
gone to the wrong board... I instantly re-corrected the king's position and,
red in my face as a hard boiled shrimp, I appologized to my opponent. Well,
they are right, smoking does a lot of harm!!} Kf8 35. f6 $1 gxf6 36. Be6 Nd8 {
But now I got fully concentrated. I knew the position was winning but felt the
moral obligation to prove it the most convincing way. Otherwise, my opponent
could have claimed (not without reason) that he lost partly because of the
whole incident.} 37. Rxh7 $1 b6 (37... Nxe6 38. Rh8+) 38. h5 $1 bxa5 39. h6 $1
(39. h6 axb4 40. Rd7 $5 $18 {/\h7}) 1-0

[Event "POL-ch 62nd"]
[Site "Poznan"]
[Date "2005.05.05"]
[Round "13"]
[White "Markowski, Tomasz"]
[Black "Czarnota, Pawel"]
[Result "1/2-1/2"]
[WhiteElo "2560"]
[BlackElo "2478"]
[Annotator "Marin,M"]
[PlyCount "145"]
[EventDate "2005.04.21"]
[EventType "tourn"]
[EventRounds "13"]
[EventCountry "POL"]
[EventCategory "12"]
[SourceTitle "CBM 107"]
[Source "ChessBase"]
[SourceDate "2005.08.01"]
[SourceVersion "1"]
[SourceVersionDate "2005.08.01"]
[SourceQuality "1"]

1. g3 d5 2. Nf3 Nf6 3. Bg2 c6 4. O-O Bg4 5. d3 Nbd7 6. c4 e6 7. cxd5 exd5 8.
Nc3 Be7 9. Qc2 Bxf3 10. Bxf3 d4 {If compared with the variation from the game
Markowski-Bobras from this same issue of CBM, this line is obviously less
favourable for Black. White has not only an extra-tempo (Qc2) but his king
side is also without weaknesses (h3).} 11. Nb1 $5 $146 {Same idea as in the
mentioned game.} ({There is nothing wrong with the usual} 11. Ne4 {for
instance:} Nxe4 (11... O-O 12. Nxf6+ Bxf6 13. b4 Nb6 14. Rb1 Qd7 15. b5 $1 Rac8
(15... cxb5 16. Qc5 $14) 16. bxc6 bxc6 17. Bd2 Rfe8 18. Rfc1 g6 19. a4 Nd5 20.
Qc4 h5 21. a5 Nc3 22. Bxc3 dxc3 23. a6 $16 {1-0 Loginov,V (2507)-Tunik,G (2451)
/Togliatti 2001/CBM 083 ext (43) White has the more compact pawn structure and
a clear quen side plan.}) 12. Bxe4 (12. dxe4 $5 Qb6 13. Rd1 Rd8 14. Rb1 a5 15.
a3 {/\b4|^}) 12... a5 (12... O-O 13. b4 Bxb4 14. Rb1 a5 15. a3 Bc3 16. Bb2 $3 {
Instead of recuperating the pawn immediately, White exchanges Black's only
active pieve after which he will enjoy long term pressure against the numerous
weaknesses from Black's camp.} (16. Rxb7 Nc5) 16... Bxb2 17. Rxb2 Nb6 18. Rfb1
Ra6 19. Rb3 g6 20. h4 h5 21. Qc1 $44 {1-0 Loginov,V (2524)-Sinkevich,P (2323)/
St Petersburg 2003/EXT 2004 (48)}) 13. Bd2 O-O 14. Rfb1 Qb6 15. Qc4 (15. a3 $2
Nc5 16. Bf3 a4 $17) (15. Bf3 $5 Rfe8 16. a3 {would have maintained the
position alive.}) 15... Ne5 16. Qa4 Nd7 17. Qc4 Ne5 18. Qa4 Nd7 {1/2-1/2
Loginov,V (2540)-Grischuk,A (2701)/Togliatti 2003/CBM 094 ext}) 11... O-O 12.
Nd2 Ne5 13. Bg2 a5 14. b3 {[%csl Rd4][%cal Ya2a3,Yc1b2,Ya1b1,Yb3b4] White
maintains the elasticity of his queen side structure and aims to slowly
prepare the minority's attack. At the same time, he prepares to put pressure
against the d4-pawn.} Re8 15. a3 Bf8 16. Bb2 Qb6 17. Rab1 Qa7 18. Rfe1 {
[%csl Re2] Since it is not clear yet which is the best concrete action, White
simply overdefends his e2-pawn. Markowski certainly enjoys this kind of
positions where direct confrontation occurs only after a long phase of
manoeuvring.} Rad8 19. Qc1 {[%csl Ra3] /\Ba1} h6 20. Ba1 {/\e4} Nd5 21. Nc4 Bc5
22. Nxe5 Rxe5 23. Bf3 {[%csl Ye2] Once the e5-knight has disapeared, this
bishop returns to its best location, where from it safely defends the e2-pawn.}
Bf8 24. Kg2 {Continuing the same policy of slowly improving the own psoition.}
Ree8 25. Bb2 {Once the circumstances have slightly changed and the c4-square
has become available for the queen, White decides to return with the bishop to
its previous location, in order to defend the a3-pawn.} Nc3 $6 {Black gives up
the tension too easily. He was obviously worried about his d4-pawn in view of
the threat Qc4 and decides to trade it for the a3-pawn. However, this is
hardly an equivalent exchange.} (25... g6 $6 26. Qc4 Bg7 27. b4 $36) (25... Nc7
$5 26. Qc4 Nb5 {might have been a more accurate reaction.}) 26. Bxc3 dxc3 27.
Qxc3 Bxa3 28. Red1 Qc5 29. Qxc5 Bxc5 30. e3 Rd6 31. d4 Bb4 32. h4 $14 {White
has the more compact structure and is doubtlessly better. However, Black's
queen side stability offers him adequate chances to survive.} Red8 33. Rdc1 g6
34. h5 Kg7 35. Rc2 Rf8 36. hxg6 fxg6 37. Rh1 Re8 38. d5 c5 39. Rd1 b5 40. Be2
Re5 41. Bxb5 Rexd5 42. Rxd5 Rxd5 43. Rc4 Kf6 44. Rf4+ Rf5 45. Rh4 h5 46. Bd3
Rd5 47. Rf4+ Kg5 48. Bc4 Rd2 49. Re4 Rb2 50. Re5+ Kh6 51. Re6 Be1 52. Rf6 Kg5
53. Rf4 Bd2 54. Kf1 Rb1+ 55. Ke2 Rb2 56. Bf7 Bc3+ 57. Kf1 Rc2 58. Rc4 Rc1+ 59.
Ke2 Bb2 60. Re4 Rc2+ 61. Kf3 Kf6 62. Rf4+ Kg5 63. Ra4 Kf6 64. Be8 c4 65. Rxa5
cxb3 66. Ra6+ Ke7 67. Bxg6 Bc3 68. Rc6 Rc1 69. Bxh5 b2 70. Bg6 Bd4 71. Ra6 Ra1
72. Rc6 Rc1 73. Ra6 1/2-1/2

[Event "POL-ch 62nd"]
[Site "Poznan"]
[Date "2005.04.29"]
[Round "8"]
[White "Miton, Kamil"]
[Black "Bobras, Piotr"]
[Result "1/2-1/2"]
[WhiteElo "2592"]
[BlackElo "2501"]
[Annotator "Marin,M"]
[PlyCount "48"]
[EventDate "2005.04.21"]
[EventType "tourn"]
[EventRounds "13"]
[EventCountry "POL"]
[EventCategory "12"]
[SourceTitle "CBM 107"]
[Source "ChessBase"]
[SourceDate "2005.08.01"]
[SourceVersion "1"]
[SourceVersionDate "2005.08.01"]
[SourceQuality "1"]

1. Nf3 d5 2. c4 c6 3. e3 Nf6 4. Nc3 a6 5. b3 Bf5 {This is a sound move, though
not the most popular.} (5... Bg4 {is the main continuation here.}) 6. Ba3 $5 {
White tries to delay Black's castling.} ({In case of the neutral} 6. Bb2 {
Black should have no big problems.} h6 $1 {One of the few accuracies needed by
Black.} (6... Nbd7 $6 {could lead to slight problems after} 7. Nh4 Bg6 8. Be2
e6 9. O-O Bd6 10. f4 O-O 11. g4 Ne4 12. Qe1 Be7 13. Nxg6 hxg6 14. g5 Qb6 15.
Rf3 $14 {1-0 Ehlvest,J (2660)-Gretarsson,H (2465)/Stockholm 1996/CBM 057 ext 
(40)}) 7. Be2 e6 8. d3 Be7 9. O-O O-O 10. Ne5 Bh7 11. d4 Nbd7 12. Nxd7 Nxd7 13.
Bd3 Bxd3 14. Qxd3 b5 15. cxd5 cxd5 16. a4 b4 17. Ne2 $11 {1-0 Malaniuk,V (2610)
-Volkov,S (2480)/Minsk 1997/EXT 2000 (59)}) 6... Nbd7 {Preparing ...e6,
Nxf8-g6 and finally 0-0.} ({The attempt to castle in a normal way with} 6... g6
7. Be2 Bg7 8. O-O O-O {would lead to a solid but rather passive form of the
Schlechter variation after} 9. d4 {for instance} Re8 10. Bb2 b5 11. Rc1 Ne4 12.
Ne5 Nxc3 13. Bxc3 $14 f6 $6 14. Nd3 Nd7 15. Nb4 Nb8 16. Bb2 $16 {1-0
Papaioannou,I (2577)-Skaperdas,K (2285)/Aspropyrgos 2003/CBM 097 ext (65)}) 7.
Be2 h6 8. cxd5 $6 {This exchange looks premature.} ({White probably wanted to
avoid the other possible re-capture on d5 as in the following game:} 8. O-O e6
({Now,} 8... Bg4 {would be less efficient than in the main game. After} 9. d4
e6 10. Bxf8 Nxf8 11. h3 Bh5 12. Ne5 $14 {White retains a stable advantage of
space.}) 9. Bxf8 Nxf8 10. b4 N8d7 11. cxd5 exd5 (11... cxd5 12. Nd4 Bh7 13. f4
$14) {but this position is also prefferable for him:} 12. a4 O-O 13. Qb3 Qc7
14. Rfc1 Qd6 15. a5 Rfe8 16. Nd4 Bh7 17. Na4 Nf8 18. Nc5 Qe7 19. d3 $14 {
1/2-1/2 Gausel,E (2480)-Kobalija,M (2590)/Ohrid 2001/CBM 084 (54) with a nice
blockade on dark squares.}) 8... cxd5 9. O-O Bg4 $5 {Now that White has
cleared the situation in the centre, Black can afford to lose a tempo in order
to secure his bishop.} (9... e6 10. Bxf8 Nxf8 11. Nd4 Bh7 12. f4 $14) 10. Qb1
e6 11. Bxf8 Nxf8 12. b4 Bxf3 $5 13. gxf3 {An attempt to get some play along
the g-file, but Black'sposition is solid.} Ng6 {Black has no problems at all.}
14. Kh1 O-O 15. Rg1 Rc8 16. Qb2 d4 17. Ne4 Nxe4 18. fxe4 d3 19. Bd1 Qh4 20. f4
Qf2 21. Rg2 Qe1+ 22. Rg1 Qf2 23. Rg2 Qe1+ 24. Rg1 Qf2 1/2-1/2